| 000 | 00371nam a2200121Ia 4500 | ||
|---|---|---|---|
| 008 | 191111s9999 xx 000 0 und d | ||
| 020 | _a9780415783576 | ||
| 100 | _aDeshpande, Shekhar. | ||
| 245 |
_cShekhar Deshpande, Meta Mazaj.-- _aWorld cinema : _ba critical introduction / |
||
| 260 |
_aUSA : _bRoutledge _c2018 |
||
| 300 | _axxi, 448 pages. | ||
| 650 | _aMotion pictures | ||
| 999 |
_c362610 _d362610 |
||